| 000 | 00423nam a22001817a 4500 | ||
|---|---|---|---|
| 003 | NUST - PNEC | ||
| 005 | 20170116181142.0 | ||
| 008 | 151008b xxu||||| |||| 00| 0 eng d | ||
| 020 | _a- | ||
| 040 | _cLIBRARY | ||
| 082 | _a954.9 STE | ||
| 100 |
_914747 _aStephens, Ian |
||
| 245 |
_aPakistan _cIan Stephens |
||
| 250 | _aThird Edition | ||
| 260 | _cc.1967 | ||
| 650 |
_914748 _aPakistan _xGeneral |
||
| 942 |
_2ddc _cBK |
||
| 999 |
_c70537 _d70537 |
||